Standout Cities - Statistics

General Stats
  • This quiz has been taken 8 times
  • The average score is 25 of 35
Answer Stats
Population City % Correct
15.1M London
100%
18.8M Moscow
100%
41.2M Tokyo
100%
22.8M Cairo
88%
16.3M Kinshasa
88%
25.2M Seoul
88%
4.83M Addis Ababa
75%
21.8M Bangkok
75%
16.8M Buenos Aires
75%
4.23M Dakar
75%
29.5M Jakarta
75%
7.20M Khartoum
75%
9.55M Kuala Lumpur
75%
12.0M Lima
75%
6.70M Madrid
75%
27.8M Manila
75%
25.4M Mexico City
75%
6.90M Nairobi
75%
7.70M Riyadh
75%
8.40M Santiago
75%
16.8M Tehran
75%
3.15M Antananarivo
63%
5.70M Bamako
63%
10.6M Bogota
63%
3.85M Caracas
63%
23.1M Dhaka
63%
3.38M Guatemala City
63%
2.25M Mogadishu
63%
3.28M Sana'a
63%
3.90M Santo Domingo
63%
1.61M Ulaanbaatar
50%
3.98M Yaounde
50%
2.35M Asuncion
38%
2.45M San Jose
38%
3.00M Lusaka
25%
No matching quizzes found
Score Distribution
Percent of People with Each Score
Percentile by Number Answered
Your Score History
You have not taken this quiz